header

Software specification methods (Record no. 209961)

MARC details
000 -LEADER
fixed length control field 01278nam a22003374a 4500
082 04 - DEWEY DECIMAL CLASSIFICATION NUMBER
Classification number 004/.01/51
245 00 - TITLE STATEMENT
Title Software specification methods
250 ## - EDITION STATEMENT
Edition statement 2nd ed.
260 ## - PUBLICATION, DISTRIBUTION, ETC. (IMPRINT)
Place of publication London ;
-- Newport Beach, CA :
Name of publisher ISTE Ltd,
Year of publication 2006.
300 ## - PHYSICAL DESCRIPTION
Number of Pages xxv, 418 p. :
Other physical details ill.
650 #0 - SUBJECT ADDED ENTRY--TOPICAL TERM
Topical Term Formal methods (Computer science)
Topical Term Computer software
700 1# - ADDED ENTRY--PERSONAL NAME
Personal name Habrias, Henri.
Personal name Frappier, Marc,
856 40 - ELECTRONIC LOCATION AND ACCESS
Uniform Resource Identifier http://site.ebrary.com/lib/rucke/Doc?id=10360912

No items available.

© 2026 Rongo University
Contact us: librarian | system librarian | Rongo university